|
|
|
|
| LEADER |
00771nam a2200205 u 4500 |
| 001 |
10081899 |
| 003 |
upatras |
| 005 |
20230711113151.0 |
| 008 |
091127s1975 gr 1 gre |
| 040 |
|
|
|a GR-PaULI
|c GR-PaULI
|b gre
|
| 082 |
0 |
4 |
|a 889.33
|
| 100 |
1 |
|
|a Δασκαλάκης, Βασίλης
|e συγγραφέας
|9 158559
|
| 245 |
1 |
3 |
|a Το δεμάτι :
|b διηγήματα /
|c Δασκαλάκης Βασίλης
|
| 260 |
|
|
|a Αθήνα :
|b Κέδρος,
|c 1975
|
| 300 |
|
|
|a 67 σ. :
|c 21 εκ.
|
| 504 |
|
|
|a
|
| 942 |
|
|
|2 ddc
|c BK15
|
| 952 |
|
|
|0 0
|1 0
|2 ddc
|4 0
|6 889_330000000000000_ΔΑΣ
|7 0
|9 207937
|a LISP
|b LISP
|c BSC
|d 2016-12-07
|i 087809
|l 0
|o 889.33 ΔΑΣ
|p 025000253168
|r 2016-12-07 00:00:00
|t 1
|w 2016-12-07
|y BK15
|
| 998 |
|
|
|c ΜΠΟΥΡΑΣ
|d 2016-12
|
| 999 |
|
|
|c 126453
|d 126453
|